| 000 | 00447nam a2200157Ia 4500 | ||
|---|---|---|---|
| 003 | GCL | ||
| 008 | 140319s9999 xx 000 0 ara d | ||
| 040 |
_aGCL / _cGCL |
||
| 082 | 0 | 4 |
_aد _b050 |
| 100 | 1 | _aمحمد فهمى عبداللطيف | |
| 245 | 1 | 0 |
_aابو زيد الهلالى (اقرا 47 ) / _cمحمد فهمى عبداللطيف |
| 300 | _a128 | ||
| 490 |
_aاقرأ _v0 |
||
| 650 | 0 | 4 | _aابو زيد الهلالى |
| 942 |
_2ddc _cBK |
||
| 999 |
_c48684 _d48684 |
||